000 01056nam a2200313 i 4500
003 EG-GICUC
005 20260212155213.0
008 260212s2009 fr ||||fr|||| 000 0 fre d
020 _a2782275034539
040 _aEG-GiCUC
_bfre
_cEG-GiCUC
_dEG-GiCUC
_eRda
082 0 4 _221
_a341.23
_bKR . A
092 0 4 _221
099 _aLaw1 11 341.23 KR . A 2009
100 1 _aKreipe, Nils
_eAuteur
245 1 4 _aLes Autorisations Donneés Par Le Conseil De Sécurité Des Nations Unies À Des Mesures Militaires /
_b
_cNils Kreipe ; Alain Pellet.
_n
264 1 _aParis :
_bL.g.d.j Lextenso Éditions,
_c2009.
300 _a321page :
_billustration ;
_c 24 cm.
336 _2rda contenu
_a texte
337 _2rda medias
_aOrdinateur
338 _2 transporteur rda
_a Ressource en ligne
504 _a
546 _aTexte en français
650 1 4 _aDroit international public
_2
651 1 _2
700 1 _aPellet, Alain
_ePréfacier
856 4 0 _uhttps://fll.law.cu.edu.eg/fulltext/bks/B11-07057.pdf
905 _a50
942 _2ddc
_cBK
_e21
_n0
999 _c62842
_d62842